LEADER 00934nam 2200253la 450 001 9910482933503321 005 20230503102855.0 035 $a(UK-CbPIL)2090340802 035 $a(CKB)5500000000106058 035 $a(EXLCZ)995500000000106058 100 $a20230503d1495 uy | 101 0 $alat 135 $aurcn||||a|bb| 200 10$aTabulae celestium motuum earumque canones. Ed: Augustinus Moravus. Aggiunte di Johannes Basilius Augustonus 210 $aVenice $cSimon Bevilaqua, fl. 1485-1518$d1495 215 $aOnline resource (v.) 300 $aReproduction of original in Biblioteca Nazionale Centrale di Firenze. 700 $aBianchini$b Giovanni$factive 15th century.$0107019 801 0$bUk-CbPIL 801 1$bUk-CbPIL 906 $aBOOK 912 $a9910482933503321 996 $aTabulae celestium motuum earumque canones. Ed: Augustinus Moravus. Aggiunte di Johannes Basilius Augustonus$92090750 997 $aUNINA